00336pab a2200133 454500008004000000100001700040245003800057260000900095300001200104362001000116650003200126650002400158773002000182180718b1998 xxu||||| |||| 00| 0 eng d aMatani, A.G. aReengineering technical education c1998 ap.31-33 a9 Feb aTechnical education - India aTechnical education aUniversity News